BIBLIOTECA

SENCICO

Manual Técnico de bolsillo : fierro (Registro nro. 3510)

Detalles MARC
000 -LEADER
fixed length control field 00486nam a2200217Ia 4500
005 - DATE AND TIME OF LATEST TRANSACTION
control field 20251020182616.0
008 - FIXED-LENGTH DATA ELEMENTS--GENERAL INFORMATION
fixed length control field 200515s9999 xx 000 0 und d
082 ## - DEWEY DECIMAL CLASSIFICATION NUMBER
Classification number SC/693.812/T78
110 ## - MAIN ENTRY--CORPORATE NAME
Corporate name or jurisdiction name as entry element Tradisa
245 #0 - TITLE STATEMENT
Title Manual Técnico de bolsillo : fierro
250 ## - EDITION STATEMENT
Edition statement 2a ed.
260 ## - PUBLICATION, DISTRIBUTION, ETC.
Place of publication, distribution, etc. Lima
260 ## - PUBLICATION, DISTRIBUTION, ETC.
Date of publication, distribution, etc. 1999
300 ## - PHYSICAL DESCRIPTION
Extent s. n.
650 ## - SUBJECT ADDED ENTRY--TOPICAL TERM
Topical term or geographic name entry element FIERRERIA
650 ## - SUBJECT ADDED ENTRY--TOPICAL TERM
Topical term or geographic name entry element FIERRO CORRUGADO
650 ## - SUBJECT ADDED ENTRY--TOPICAL TERM
Topical term or geographic name entry element PERFILES
650 ## - SUBJECT ADDED ENTRY--TOPICAL TERM
Topical term or geographic name entry element SOLDADURAS
650 ## - SUBJECT ADDED ENTRY--TOPICAL TERM
Topical term or geographic name entry element TUBERIAS
942 ## - ADDED ENTRY ELEMENTS (KOHA)
Koha item type Libros
Existencias
Fecha de la última vez que lo usaron Pago total Signatura topográfica completa Código de barras Precio efectivo desde Tipo de documento Estado perdido Estado dañado No es para préstamo Retirado Ubicación permanente Ubicación actual Fecha de adquisición
15/05/2020   SC/693.812/T78 Bib-Lima15053510 15/05/2020 Libros         Biblioteca Central Lima Biblioteca Central Lima 15/05/2020